000 00486nam a22001937a 4500
003 OSt
005 20140310182009.0
008 121120t xxu||||| |||| 00| 0 eng d
020 _a0583308562
050 _aPZ 7
_b.H816 1979
082 _aKF
_bH78e 1979
245 _aEnter Frederick Bower
_cAnthony Horowitz
260 _aLondon
_bGranada Publishing Ltd
_c1979
300 _a144 p. ;
_c18 cm.
541 _j1
562 _e1
650 _aFiction
_9746
942 _2lcc
_cBK-KF
_kKF
999 _c8107
_d8107